| 000 | 00727cam a22002294a 4500 | ||
|---|---|---|---|
| 001 | 13735169 | ||
| 005 | 20180202071323.0 | ||
| 008 | 040929s2006 maua 001 0 eng | ||
| 010 | _a 2004059743 | ||
| 020 | _a0072964049 (alk. paper) | ||
| 040 |
_aDLC _cDLC _dDLC |
||
| 041 | _aeng | ||
| 042 | _apcc | ||
| 080 | _a004.6 MIL | ||
| 082 | 0 | 0 |
_a004.6 MIL _222 |
| 100 | 1 | _a28 | |
| 101 | _aSHK | ||
| 245 | 1 | 0 |
_aData communications and networks / _cDave Miller. |
| 906 |
_a7 _bcbc _corignew _d1 _eocip _f20 _gy-gencatlg |
||
| 942 |
_2ddc _cBK |
||
| 999 |
_c41638 _d41638 |
||